[Event "4NCL/Div2/KHD-WIT"]
[Site "Rd1-Birmingham"]
[Date "1999.10.09"]
[Round "1.1"]
[White "Kwiatkowski, Feliks"]
[Black "Devereaux, Max"]
[Result "0-1"]
[WhiteElo "2229"]
[BlackElo "2265"]
[PlyCount "94"]
[EventDate "1999.10.09"]
[Source "Britbase"]
[SourceDate "2000.01.01"]

1. e4 c5 2. Nf3 Nc6 3. c3 Nf6 4. e5 Nd5 5. d4 cxd4 6. cxd4 d6 7. Bc4 dxe5 8.
Bxd5 Qxd5 9. Nc3 Qd6 10. d5 Nd4 11. Nxd4 exd4 12. Qxd4 e5 13. Qd3 Bd7 14. O-O
Be7 15. Nb5 Bxb5 16. Qxb5+ Qd7 17. Qe2 O-O 18. Rd1 Bd6 19. b3 Rae8 20. Bb2 f5
21. Rac1 e4 22. Rc4 Qe7 23. Re1 Qh4 24. g3 Qh3 25. Qf1 Qh5 26. Qe2 Qg6 27. Kh1
h5 28. Bc3 Qf7 29. Rd1 Rd8 30. f3 h4 31. fxe4 b5 32. Rc6 fxe4 33. gxh4 Qf3+ 34.
Qxf3 exf3 35. Kg1 Rf5 36. Kf2 Be7 37. d6 Bxh4+ 38. Kf1 Rg5 39. Rd4 f2 40. Rf4
Rg1+ 41. Ke2 Re8+ 42. Kd3 Rd1+ 43. Kc2 f1=Q 44. Rxf1 Rxf1 45. d7 Rd8 46. Rc8
Rff8 47. Rc7 Rf7 0-1

[Event "4NCL/Div2/KHD-WIT"]
[Site "Rd1-Birmingham"]
[Date "1999.10.09"]
[Round "1.2"]
[White "Cooksey, Paul"]
[Black "McMichael, Rick"]
[Result "0-1"]
[WhiteElo "2229"]
[BlackElo "2261"]
[PlyCount "144"]
[EventDate "1999.10.09"]
[Source "Britbase"]
[SourceDate "2000.01.01"]

1. e4 e6 2. d4 d5 3. Nd2 dxe4 4. Nxe4 Bd7 5. Nf3 Bc6 6. Bd3 Nd7 7. O-O Ngf6 8.
Ng3 Bd6 9. c4 O-O 10. Re1 Bxf3 11. Qxf3 c6 12. Bg5 h6 13. Bd2 a5 14. Rad1 Bb4
15. Bc3 Re8 16. Bc2 Bxc3 17. Qxc3 b5 18. cxb5 cxb5 19. Ne4 Rc8 20. Qd3 Qb6 21.
Nxf6+ Nxf6 22. Re5 b4 23. Bb3 Red8 24. Qb5 Qd6 25. h3 Ra8 26. Ree1 Nd5 27. Re5
Ne7 28. Ree1 a4 29. Bc2 a3 30. bxa3 Rxa3 31. Bb3 Nd5 32. Bxd5 Qxd5 33. Qxb4
Rxa2 34. Qe7 Rd7 35. Qb4 Qf5 36. Rf1 Ra5 37. Ra1 Rad5 38. Ra8+ Kh7 39. Ra4 Qe4
40. Qb1 Qxb1 41. Rxb1 Rxd4 42. Rxd4 Rxd4 43. Rb2 Kg6 44. Kf1 e5 45. Ke2 Kf6 46.
Ra2 g6 47. Rb2 Kf5 48. Ra2 h5 49. Ke3 Rb4 50. Ra5 Rb3+ 51. Ke2 h4 52. Ra4 e4
53. Ra5+ Kf4 54. Ra4 Rb2+ 55. Ke1 Rb1+ 56. Ke2 Rg1 57. Ra6 Kg5 58. f4+ Kf5 59.
Kf2 Rb1 60. Ra7 f6 61. Ra6 Rb3 62. Ke2 g5 63. fxg5 Kxg5 64. Ra8 Kf4 65. Ra2 f5
66. Kf2 e3+ 67. Ke2 Kg3 68. Ra5 f4 69. Rg5+ Kh2 70. Kf3 Rb1 71. Rg4 Rf1+ 72.
Ke2 Rf2+ 0-1

[Event "4NCL/Div2/KHD-WIT"]
[Site "Rd1-Birmingham"]
[Date "1999.10.09"]
[Round "1.3"]
[White "Compton, Alistair"]
[Black "Haydon, Richard"]
[Result "0-1"]
[WhiteElo "2093"]
[BlackElo "2176"]
[PlyCount "66"]
[EventDate "1999.10.09"]
[Source "Britbase"]
[SourceDate "2000.01.01"]

1. e4 c5 2. d4 cxd4 3. c3 d5 4. exd5 Qxd5 5. Nf3 e5 6. cxd4 Nc6 7. Nc3 Bb4 8.
Be3 exd4 9. Nxd4 Bxc3+ 10. bxc3 Nge7 11. Nb5 O-O 12. Nc7 Qxd1+ 13. Rxd1 Rb8 14.
Be2 Bf5 15. O-O Rfc8 16. Nb5 Ne5 17. Bxa7 Ra8 18. Bd4 Nc4 19. Bxc4 Rxc4 20. Nd6
Rca4 21. Nxb7 Rxa2 22. Nd6 Be6 23. Rfe1 Nc6 24. Be3 h6 25. h3 R8a3 26. Nb5 Rb3
27. Rb1 Rxb1 28. Rxb1 Ne5 29. Bd4 Nd3 30. Nd6 Nf4 31. Ne4 Bd5 32. Re1 Ne2+ 33.
Kf1 Bxe4 0-1

[Event "4NCL/Div2/KHD-WIT"]
[Site "Rd1-Birmingham"]
[Date "1999.10.09"]
[Round "1.4"]
[White "Hackett, David"]
[Black "Pearce, Robin"]
[Result "0-1"]
[WhiteElo "2193"]
[BlackElo "2147"]
[PlyCount "62"]
[EventDate "1999.10.09"]
[Source "Britbase"]
[SourceDate "2000.01.01"]

1. e4 c5 2. Nc3 e6 3. g3 Nc6 4. Bg2 a6 5. d3 g6 6. Be3 d6 7. f4 Bg7 8. Nf3 Nge7
9. O-O O-O 10. g4 f5 11. h3 Nd4 12. Rb1 e5 13. exf5 gxf5 14. g5 Ng6 15. Nd5
exf4 16. Nxf4 Re8 17. Nxd4 Rxe3 18. Bd5+ Kh8 19. Nde6 Bxe6 20. Nxe6 Rxe6 21.
Bxe6 Qxg5+ 22. Kh1 Nf4 23. Qf3 Nxe6 24. Qxf5 Qh6 25. Rbe1 Ng5 26. Kg2 Rg8 27.
Rf4 Nxh3 28. Rg4 Qd2+ 29. Kxh3 Qxe1 30. Qf3 Qe6 31. Kg2 Qxg4+ 0-1

[Event "4NCL/Div2/KHD-WIT"]
[Site "Rd1-Birmingham"]
[Date "1999.10.09"]
[Round "1.5"]
[White "Mackenzie, Colin"]
[Black "Dickinson, Tim"]
[Result "1-0"]
[WhiteElo "2138"]
[BlackElo "2170"]
[PlyCount "71"]
[EventDate "1999.10.09"]
[Source "Britbase"]
[SourceDate "2000.01.01"]

1. Nf3 Nf6 2. c4 e6 3. g3 d5 4. Bg2 c6 5. O-O Be7 6. b3 O-O 7. d4 Ne4 8. Nfd2
f5 9. Bb2 Nd7 10. Nxe4 fxe4 11. f3 exf3 12. Rxf3 Nf6 13. Nd2 Bd7 14. e4 dxe4
15. Nxe4 Qb6 16. Qe2 e5 17. Nxf6+ gxf6 18. c5 Qb5 19. Qc2 Be6 20. Qd2 Rad8 21.
b4 a5 22. a3 exd4 23. Re1 Qc4 24. Rf4 axb4 25. axb4 f5 26. Rxd4 Rxd4 27. Qxd4
Qxd4+ 28. Bxd4 Kf7 29. b5 Rd8 30. Bf2 Bd5 31. Bh3 Be4 32. g4 Rd5 33. bxc6 bxc6
34. gxf5 Bxf5 35. Bg2 Bxc5 36. Bxd5+ 1-0

[Event "4NCL/Div2/KHD-WIT"]
[Site "Rd1-Birmingham"]
[Date "1999.10.09"]
[Round "1.7"]
[White "Brown, Graham"]
[Black "Elliott, Sean"]
[Result "0-1"]
[WhiteElo "1776"]
[BlackElo "2000"]
[PlyCount "74"]
[EventDate "1999.10.09"]
[Source "Britbase"]
[SourceDate "2000.01.01"]

1. e4 c5 2. d4 cxd4 3. f4 d6 4. Nf3 a6 5. Bd3 b5 6. O-O e6 7. b4 Bb7 8. Bb2 Nc6
9. a3 Be7 10. h3 Bf6 11. Nbd2 h5 12. Qe2 e5 13. f5 Nge7 14. g4 Nc8 15. Qg2 hxg4
16. hxg4 Bg5 17. Nxg5 Qxg5 18. Nf3 Qe7 19. Kf2 Nb6 20. Rh1 O-O-O 21. Rxh8 Rxh8
22. Rh1 Qd8 23. Bc1 f6 24. Rh3 Ne7 25. Qh2 Rxh3 26. Qxh3 d5 27. Nd2 Nc4 28. Nb3
dxe4 29. Bxc4 bxc4 30. Nc5 e3+ 31. Ke1 Kb8 32. Qf1 Qd5 33. Qh3 Ka7 34. Ne6 Qe4
35. Qh2 Qxg4 36. b5 Nxf5 37. a4 Nh4 0-1

[Event "4NCL/Div2/KHD-WIT"]
[Site "Rd1-Birmingham"]
[Date "1999.10.09"]
[Round "1.8"]
[White "Smith, Lucy"]
[Black "Kelly, Alexandra"]
[Result "1-0"]
[WhiteElo "1680"]
[BlackElo "1576"]
[PlyCount "111"]
[EventDate "1999.10.09"]
[Source "Britbase"]
[SourceDate "2000.01.01"]

1. d4 Nf6 2. c4 g6 3. Nc3 Bg7 4. Nf3 O-O 5. e4 d6 6. Be2 Nbd7 7. O-O Rb8 8. Qc2
b6 9. h3 Re8 10. Re1 Bb7 11. Bd3 e6 12. Bg5 c6 13. e5 dxe5 14. dxe5 Qc7 15.
exf6 Nxf6 16. Ne4 Nxe4 17. Bxe4 c5 18. Bxb7 Rxb7 19. Rad1 Qc8 20. b3 f6 21. Bc1
Ree7 22. Re2 Rbd7 23. Rxd7 Qxd7 24. Rd2 Qc7 25. Qd3 Re8 26. Qd7 Qb8 27. Rd1 Bf8
28. Bb2 e5 29. Qd5+ Kh8 30. g4 Bg7 31. g5 f5 32. Qd6 Qxd6 33. Rxd6 e4 34. Bxg7+
Kxg7 35. Rd7+ Kf8 36. Ne1 Re7 37. Rxe7 Kxe7 38. Kf1 Ke6 39. Ke2 Ke5 40. Ng2 f4
41. f3 e3 42. Nxe3 fxe3 43. Kxe3 a6 44. a4 a5 45. f4+ Kf5 46. Kf3 Ke6 47. Ke4
Kd6 48. f5 gxf5+ 49. Kxf5 Ke7 50. h4 Kf7 51. h5 Kg7 52. g6 hxg6+ 53. hxg6 Kg8
54. Kf6 Kf8 55. Ke6 Kg7 56. Kd6 1-0

[Event "4NCL/Div2/POI-BCCA"]
[Site "Rd1-Birmingham"]
[Date "1999.10.09"]
[Round "1.1"]
[White "Swanson, Stephen"]
[Black "Toothill, John"]
[Result "1-0"]
[WhiteElo "2283"]
[BlackElo "2226"]
[PlyCount "49"]
[EventDate "1999.10.09"]
[Source "Britbase"]
[SourceDate "2000.01.01"]

1. e4 e5 2. Nc3 Nc6 3. Bc4 Nf6 4. d3 Bc5 5. f4 d6 6. Nf3 Bg4 7. Na4 Qd7 8. Nxc5
dxc5 9. fxe5 Bxf3 10. Qxf3 Nxe5 11. Qg3 Nxc4 12. Qxg7 O-O-O 13. Qxf6 Rhg8 14.
O-O Nd6 15. Qf2 Kb8 16. a4 Qg4 17. Qf3 Qg6 18. Rf2 Rdf8 19. Be3 f5 20. e5 Nf7
21. Qxf5 Qg7 22. Raf1 b6 23. Qf6 Qg4 24. Qc6 Qc8 25. Rxf7 1-0

[Event "4NCL/Div2/POI-BCCA"]
[Site "Rd1-Birmingham"]
[Date "1999.10.09"]
[Round "1.2"]
[White "Stephenson, F Norman"]
[Black "Hammond, Andrew"]
[Result "0-1"]
[WhiteElo "2212"]
[BlackElo "2212"]
[PlyCount "84"]
[EventDate "1999.10.09"]
[Source "Britbase"]
[SourceDate "2000.01.01"]

1. d4 Nf6 2. c4 d6 3. Nc3 g6 4. e4 Bg7 5. Bd3 O-O 6. Nge2 c5 7. d5 Na6 8. O-O
Nc7 9. h3 a6 10. Ng3 b5 11. cxb5 axb5 12. Nxb5 Nxb5 13. Bxb5 Qb6 14. Qe2 Nd7
15. Bd2 Ba6 16. Bxa6 Rxa6 17. Bc3 Bxc3 18. bxc3 Rfa8 19. Rfb1 Rxa2 20. Rxb6
Rxa1+ 21. Kh2 Nxb6 22. e5 R1a2 23. Qb5 Nxd5 24. exd6 exd6 25. Qc6 Nf6 26. Qf3
Kg7 27. Qf4 h6 28. Ne4 Nxe4 29. Qxe4 R8a3 30. Qd3 Rxf2 31. Qxd6 Raa2 32. Qe5+
Kh7 33. Qd5 Rxg2+ 34. Kh1 Rgf2 35. Kg1 Rac2 36. h4 Rf5 37. Qd3 Rcf2 38. h5 R2f4
39. hxg6+ Kxg6 40. Qd6+ Kg7 41. Kg2 Rg4+ 42. Kh3 Rg6 0-1

[Event "4NCL/Div2/POI-BCCA"]
[Site "Rd1-Birmingham"]
[Date "1999.10.09"]
[Round "1.3"]
[White "Rosen, Daniel"]
[Black "Gough, Michael"]
[Result "1/2-1/2"]
[WhiteElo "2239"]
[BlackElo "2135"]
[PlyCount "64"]
[EventDate "1999.10.09"]
[Source "Britbase"]
[SourceDate "2000.01.01"]

1. e4 e6 2. d4 d5 3. Nc3 Bb4 4. Nge2 dxe4 5. a3 Bxc3+ 6. Nxc3 Nc6 7. Bb5 Nge7
8. Be3 O-O 9. Bxc6 Nxc6 10. Qd2 e5 11. d5 Ne7 12. O-O-O Nf5 13. Bc5 Nd6 14.
Bxd6 cxd6 15. Nxe4 f5 16. Nc3 f4 17. f3 Bf5 18. g4 fxg3 19. hxg3 Rc8 20. Rh4
Bg6 21. f4 exf4 22. Rxf4 Rxf4 23. Qxf4 Qe7 24. Rf1 a6 25. Kd2 Re8 26. Qf2 Qg5+
27. Qf4 Qe7 28. Qf2 b5 29. Qf4 a5 30. b4 axb4 31. axb4 Qc7 32. Qd4 Qe7 1/2-1/2

[Event "4NCL/Div2/POI-BCCA"]
[Site "Rd1-Birmingham"]
[Date "1999.10.09"]
[Round "1.4"]
[White "Wise, David"]
[Black "Moore, Gerald"]
[Result "1/2-1/2"]
[WhiteElo "2150"]
[BlackElo "2202"]
[PlyCount "69"]
[EventDate "1999.10.09"]
[Source "Britbase"]
[SourceDate "2000.01.01"]

1. d4 g6 2. e4 Bg7 3. Nc3 d6 4. Be3 a6 5. a4 Nc6 6. Nf3 Bg4 7. Be2 Nf6 8. O-O
O-O 9. Qd2 e5 10. d5 Ne7 11. a5 Bd7 12. Ne1 Kh8 13. f3 Nfg8 14. Na4 f5 15. c4
Nf6 16. Qc2 Neg8 17. c5 Bh6 18. Bf2 fxe4 19. fxe4 Ng4 20. Bxg4 Bxg4 21. Nc3 Qe7
22. Nd3 Nf6 23. Rae1 Bd7 24. cxd6 cxd6 25. Be3 Bxe3+ 26. Rxe3 Ng4 27. Ref3 Rxf3
28. Rxf3 Rf8 29. Qe2 Kg7 30. h3 Rxf3 31. Qxf3 Nf6 32. b4 Qd8 33. Nb2 Qc7 34.
Qe3 Nh5 35. Kh2 1/2-1/2

[Event "4NCL/Div2/POI-BCCA"]
[Site "Rd1-Birmingham"]
[Date "1999.10.09"]
[Round "1.5"]
[White "Ledger, Stephen"]
[Black "Hall, Richard"]
[Result "1-0"]
[WhiteElo "2162"]
[BlackElo "2120"]
[PlyCount "183"]
[EventDate "1999.10.09"]
[Source "Britbase"]
[SourceDate "2000.01.01"]

1. d4 e6 2. Nf3 f5 3. Nc3 Nf6 4. Bg5 d5 5. e3 Be7 6. Ne5 O-O 7. Be2 Nbd7 8. O-O
Nxe5 9. dxe5 Nd7 10. Bxe7 Qxe7 11. f4 c5 12. Nb5 Nb6 13. Nd6 Rb8 14. b3 Bd7 15.
c4 Bc6 16. Bf3 g5 17. g3 g4 18. Bg2 Qd7 19. Qe2 dxc4 20. e4 Bxe4 21. Bxe4 fxe4
22. Qxg4+ Kh8 23. Rfd1 Rg8 24. Qh5 Rgf8 25. Nxe4 Qf7 26. Qxf7 Rxf7 27. Nf6 Rc8
28. Rd6 Re7 29. Rad1 cxb3 30. axb3 Kg7 31. Kg2 c4 32. bxc4 Nxc4 33. Rd7 Rc7 34.
Ne8+ Kf7 35. Nd6+ Nxd6 36. Rxe7+ Rxe7 37. exd6 Rd7 38. Kf3 a5 39. Ke4 a4 40.
Rb1 Rxd6 41. Rxb7+ Kg6 42. Ra7 Rd2 43. h3 Ra2 44. h4 Re2+ 45. Kf3 Ra2 46. Re7
Ra3+ 47. Kg2 Ra2+ 48. Kh3 Re2 49. Ra7 Ra2 50. Ra5 a3 51. h5+ Kg7 52. Kg4 Ra1
53. Ra7+ Kh6 54. Ra6 a2 55. Rxe6+ Kg7 56. Ra6 Kf7 57. h6 Rh1 58. Rxa2 Rxh6 59.
Ra7+ Kg8 60. f5 Rb6 61. Kg5 Rc6 62. g4 Rb6 63. Re7 Rc6 64. Re6 Rc7 65. Kh6 Rc4
66. Kh5 Kf7 67. Ra6 Rc1 68. Rh6 Kg7 69. Kg5 Rc5 70. Rh1 Rc6 71. Rf1 Rb6 72. Ra1
Rb2 73. Ra4 Rc2 74. Kh5 Rc1 75. g5 Rh1+ 76. Rh4 Rf1 77. f6+ Kf7 78. Rh3 Rg1 79.
Kh6 Rg2 80. Rh5 Kg8 81. f7+ Kxf7 82. Kxh7 Rg1 83. Kh6 Rg2 84. Rh1 Rf2 85. Kh7
Rg2 86. Rf1+ Ke8 87. g6 Ke7 88. g7 Rh2+ 89. Kg8 Rg2 90. Re1+ Kf6 91. Kf8 Ra2
92. Rf1+ 1-0

[Event "4NCL/Div2/POI-BCCA"]
[Site "Rd1-Birmingham"]
[Date "1999.10.09"]
[Round "1.6"]
[White "Milnes, Anthony"]
[Black "Hansen, Hans-Peter"]
[Result "1-0"]
[WhiteElo "2056"]
[BlackElo "2056"]
[PlyCount "63"]
[EventDate "1999.10.09"]
[Source "Britbase"]
[SourceDate "2000.01.01"]

1. e4 d5 2. exd5 Qxd5 3. Nc3 Qa5 4. d4 c6 5. Nf3 Nf6 6. Bc4 Bf5 7. O-O e6 8.
Ne5 Nbd7 9. Qe2 Be7 10. Bb3 Rd8 11. Bf4 Nxe5 12. dxe5 Nd5 13. Nxd5 cxd5 14. Bd2
Qc7 15. Ba4+ Kf8 16. Rac1 g5 17. Bb5 Kg7 18. Bd3 Bg6 19. f4 gxf4 20. Bxf4 Qb6+
21. Kh1 Rd7 22. c3 Rc8 23. Rf3 Qa5 24. Qd2 Qxa2 25. Bh6+ Kg8 26. Bxg6 hxg6 27.
Rcf1 Bh4 28. Rh3 Qa4 29. Bg5 Rc4 30. b3 Qb5 31. bxc4 Qxc4 32. Rhf3 1-0

[Event "4NCL/Div2/POI-BCCA"]
[Site "Rd1-Birmingham"]
[Date "1999.10.09"]
[Round "1.7"]
[White "James, Stephen"]
[Black "Hardman, Michael"]
[Result "1/2-1/2"]
[WhiteElo "1808"]
[BlackElo "2008"]
[PlyCount "63"]
[EventDate "1999.10.09"]
[Source "Britbase"]
[SourceDate "2000.01.01"]

1. e4 c5 2. Nf3 d6 3. d4 cxd4 4. Nxd4 Nf6 5. Nc3 g6 6. Be3 Bg7 7. f3 Nc6 8. Qd2
O-O 9. O-O-O Nxd4 10. Bxd4 Be6 11. Kb1 Qc7 12. g4 Rfc8 13. h4 Qa5 14. h5 Rxc3
15. Qxc3 Qxa2+ 16. Kc1 Rc8 17. Qe3 Bb3 18. Bd3 e5 19. Bc3 d5 20. cxb3 d4 21.
Bb1 Qa5 22. Rxd4 exd4 23. Qxd4 Qc7 24. e5 Rd8 25. Qc4 Ne8 26. Qxc7 Nxc7 27.
hxg6 hxg6 28. Be4 Nb5 29. f4 Nxc3 30. bxc3 b6 31. Kc2 g5 32. Bh7+ 1/2-1/2

[Event "4NCL/Div2/POI-BCCA"]
[Site "Rd1-Birmingham"]
[Date "1999.10.09"]
[Round "1.8"]
[White "Walker, Heather"]
[Black "Vann, Monica"]
[Result "0-1"]
[WhiteElo "1384"]
[BlackElo "1624"]
[PlyCount "166"]
[EventDate "1999.10.09"]
[Source "Britbase"]
[SourceDate "2000.01.01"]

1. e4 d5 2. e5 c5 3. f4 Nh6 4. Nf3 e6 5. d3 Be7 6. Be3 O-O 7. Be2 Nf5 8. Bf2
Qb6 9. b3 Qb4+ 10. Qd2 Qb6 11. g4 Nd4 12. Nxd4 cxd4 13. a3 Nc6 14. h4 f6 15.
exf6 Bxf6 16. g5 Be7 17. h5 Qc7 18. Bg3 Bxg5 19. Rg1 Bxf4 20. Bxf4 Rxf4 21. c3
dxc3 22. Nxc3 Nd4 23. Rb1 Qe5 24. Kd1 Bd7 25. Re1 Raf8 26. Bg4 Qg5 27. Be2 Qg2
28. Qe3 Nxe2 29. Rxe2 Qh1+ 30. Kd2 Qxh5 31. Qxa7 Qg5 32. Kc2 Bc6 33. Rxe6 Qf5
34. Re7 Rf2+ 35. Ne2 Rc8 36. Qd4 Bb5+ 37. Kb2 Qf6 38. Qxf6 gxf6 39. Rg1+ Kf8
40. Re3 Bxd3 41. Rxd3 Rxe2+ 42. Kb1 Re5 43. Rdg3 Rg5 44. Rxg5 fxg5 45. Rxg5 Rd8
46. Kc2 h6 47. Rh5 Kg7 48. Kd3 Kg6 49. Rh2 h5 50. Rg2+ Kf6 51. Kd4 h4 52. Rg4
Rh8 53. Rg1 Ke6 54. b4 h3 55. Rh1 b6 56. a4 Rh4+ 57. Ke3 d4+ 58. Kd3 Kd5 59.
Rh2 Rh8 60. Rh1 h2 61. a5 Rh3+ 62. Kc2 bxa5 63. bxa5 Ra3 64. Kb2 Rh3 65. Kc2
Kc5 66. a6 Kb6 67. a7 Kxa7 68. Kd2 Kb6 69. Ke2 Kc5 70. Kf2 Kc4 71. Kg2 Rh7 72.
Rc1+ Kd3 73. Kh1 Kd2 74. Ra1 d3 75. Ra2+ Ke3 76. Ra3 Ke2 77. Ra2+ d2 78. Rb2
Ke1 79. Ra2 d1=Q 80. Rg2 Qd3 81. Rf2 Qe4+ 82. Rg2 Qxg2+ 83. Kxg2 h1=Q+ 0-1

[Event "4NCL/Div2/SCS-PER"]
[Site "Rd1-Birmingham"]
[Date "1999.10.09"]
[Round "1.1"]
[White "Bigg, Andrew"]
[Black "Addison, Bret"]
[Result "0-1"]
[WhiteElo "2208"]
[BlackElo "2181"]
[PlyCount "68"]
[EventDate "1999.10.09"]

1. d4 Nf6 2. Nf3 e6 3. Bg5 d5 4. Nbd2 Be7 5. e3 c5 6. c3 O-O 7. Bd3 b6 8. Qe2
a5 9. O-O Ba6 10. Ne5 Bxd3 11. Qxd3 Qc7 12. f4 Nc6 13. Rf3 Rab8 14. Rh3 g6 15.
Bh6 Rfc8 16. Rf1 cxd4 17. exd4 b5 18. Rg3 Bf8 19. Bxf8 Rxf8 20. Nxc6 Qxc6 21.
f5 Rb7 22. Qe3 exf5 23. Rxf5 b4 24. Qf3 Rb6 25. c4 dxc4 26. Rc5 Qd7 27. Rxc4
Re8 28. Rg5 Rbe6 29. Rxa5 Re1+ 30. Nf1 Ne4 31. Qf4 Rd1 32. d5 Nd2 33. Rc1 Rxc1
34. Qxd2 Ree1 0-1

[Event "4NCL/Div2/SCS-PER"]
[Site "Rd1-Birmingham"]
[Date "1999.10.09"]
[Round "1.2"]
[White "Taylor, Martin"]
[Black "Noakes, Matthew"]
[Result "1-0"]
[WhiteElo "2143"]
[BlackElo "2056"]
[PlyCount "91"]
[EventDate "1999.10.09"]

1. c4 Nf6 2. g3 e6 3. Nf3 b6 4. Bg2 Bb7 5. O-O d5 6. b3 Nbd7 7. Bb2 Be7 8. Nc3
O-O 9. Rc1 c5 10. cxd5 exd5 11. d4 Ne4 12. Qc2 f5 13. e3 Qe8 14. Rfd1 Ndf6 15.
Ne5 Bd6 16. f3 Nxc3 17. Qxc3 Rc8 18. dxc5 bxc5 19. Re1 Qe7 20. f4 c4 21. a3
Bxa3 22. Bxa3 Qxa3 23. bxc4 Qxc3 24. Rxc3 Ne4 25. Bxe4 dxe4 26. c5 Rfd8 27. c6
Ba6 28. Ra1 Bb5 29. c7 Rd2 30. Rxa7 Rd1+ 31. Kf2 Rd2+ 32. Ke1 Re2+ 33. Kd1 Rxh2
34. Ra8 Rh1+ 35. Kc2 Bd3+ 36. Nxd3 exd3+ 37. Rxd3 Rh2+ 38. Kc3 Rxa8 39. Rd8+
Rxd8 40. cxd8=Q+ Kf7 41. Qd7+ Kf6 42. g4 fxg4 43. Qxg4 h5 44. Qg3 Re2 45. Qg5+
Ke6 46. Qg6+ 1-0

[Event "4NCL/Div2/SCS-PER"]
[Site "Rd1-Birmingham"]
[Date "1999.10.09"]
[Round "1.3"]
[White "Clark, Stephen"]
[Black "Hodge, David"]
[Result "1/2-1/2"]
[WhiteElo "2129"]
[BlackElo "2117"]
[PlyCount "113"]
[EventDate "1999.10.09"]

1. d4 Nf6 2. Nf3 g6 3. Bf4 Bg7 4. h3 O-O 5. e3 d5 6. Bd3 c5 7. c3 Nc6 8. Nbd2
cxd4 9. exd4 Bf5 10. Qe2 Bxd3 11. Qxd3 Nh5 12. Bh2 Bh6 13. O-O Nf4 14. Bxf4
Bxf4 15. Rfe1 Re8 16. Re2 Qd7 17. Nb3 b6 18. Rae1 a5 19. Nc1 f6 20. Qd1 Bxc1
21. Qxc1 Rac8 22. Qd2 Nd8 23. a3 Nf7 24. Qd3 Nd6 25. Nd2 Kf7 26. f3 Qf5 27.
Qxf5 gxf5 28. g3 Rc7 29. Kf2 e6 30. Nf1 Rce7 31. Ne3 b5 32. Rc2 a4 33. Rce2 Nc4
34. Nxc4 bxc4 35. f4 h5 36. h4 Rb8 37. Rd1 Ke8 38. Kf3 Kd7 39. Rde1 Kd6 40. Kf2
Ree8 41. Kf3 Kd7 42. Rd1 Rg8 43. Rde1 Rb6 44. Rd1 Rgb8 45. Rdd2 Kd6 46. Kf2
R6b7 47. Kf3 Rg7 48. Rd1 Rbg8 49. Rg1 Rg4 50. Kf2 Kd7 51. Re3 R4g7 52. Re2 Rb8
53. Rd1 Kd6 54. Kf3 Rgb7 55. Rdd2 Re8 56. Re1 Rbe7 57. Rde2 1/2-1/2

[Event "4NCL/Div2/SCS-PER"]
[Site "Rd1-Birmingham"]
[Date "1999.10.09"]
[Round "1.4"]
[White "Trent, Lawrence"]
[Black "Deva, Chetan"]
[Result "1/2-1/2"]
[WhiteElo "2139"]
[BlackElo "2127"]
[PlyCount "94"]
[EventDate "1999.10.09"]

1. e4 d6 2. Nc3 g6 3. d4 Bg7 4. Bg5 Nd7 5. f4 c5 6. d5 Qb6 7. Rb1 Qb4 8. Nge2
Ngf6 9. a3 Qb6 10. Ng3 h6 11. Bh4 O-O 12. Bc4 a6 13. O-O Qc7 14. a4 Rb8 15. h3
Qa5 16. Qe2 Qc7 17. Rbe1 Nb6 18. Ba2 c4 19. Qe3 Bd7 20. a5 Na4 21. e5 Nxc3 22.
Qxc3 Nxd5 23. Qxc4 Bc6 24. Qd4 dxe5 25. fxe5 Rbd8 26. Qg4 Bxe5 27. Nf5 h5 28.
Qg5 Bf4 29. Nxe7+ Nxe7 30. Rxf4 Nd5 31. Rff1 Qxa5 32. Bb3 Qb6+ 33. Kh1 a5 34.
Qh6 Rd6 35. Bxd5 Bxd5 36. Be7 Rc8 37. Bxd6 Qxd6 38. Qd2 Qc6 39. c3 Be6 40. Rf6
Re8 41. Qd4 Qc7 42. Rff1 Qd8 43. Re5 Qxd4 44. cxd4 Rd8 45. Rd1 Bd5 46. Re7 a4
47. Rc1 Bb3 1/2-1/2

[Event "4NCL/Div2/SCS-PER"]
[Site "Rd1-Birmingham"]
[Date "1999.10.09"]
[Round "1.5"]
[White "Rattray, Ross"]
[Black "Player, Edmund"]
[Result "1/2-1/2"]
[WhiteElo "1888"]
[BlackElo "2105"]
[PlyCount "82"]
[EventDate "1999.10.09"]

1. e4 e6 2. d4 d5 3. Nc3 Bb4 4. Nge2 dxe4 5. a3 Be7 6. Nxe4 Nf6 7. Nxf6+ Bxf6
8. Be3 c5 9. c3 cxd4 10. Nxd4 O-O 11. Qc2 e5 12. Nb3 g6 13. Bd3 Nc6 14. O-O-O
Qc7 15. h4 Ne7 16. f3 Nf5 17. Bf2 b6 18. Nd2 Nd6 19. h5 Bf5 20. Bxf5 gxf5 21.
g4 Kh8 22. gxf5 Bg5 23. Kb1 Rac8 24. Ne4 Nxe4 25. fxe4 a5 26. Qb3 b5 27. Qxb5
Rb8 28. Qd3 Rb3 29. Bh4 Bxh4 30. Rxh4 Rfb8 31. Rd2 Rxc3 32. Rc2 Rxd3 33. Rxc7
Rd2 34. Rxf7 Rbxb2+ 35. Kc1 Rdc2+ 36. Kd1 Rd2+ 37. Kc1 Rbc2+ 38. Kb1 Rb2+ 39.
Kc1 Rdc2+ 40. Kd1 Rd2+ 41. Kc1 Rg2 1/2-1/2

[Event "4NCL/Div2/SCS-PER"]
[Site "Rd1-Birmingham"]
[Date "1999.10.09"]
[Round "1.6"]
[White "Frost, Nick"]
[Black "Cooley, Oliver"]
[Result "1-0"]
[WhiteElo "2040"]
[BlackElo "1896"]
[PlyCount "175"]
[EventDate "1999.10.09"]

1. e4 d5 2. exd5 Qxd5 3. Nc3 Qa5 4. Be2 Nf6 5. Nf3 Bf5 6. O-O c6 7. b4 Qc7 8.
Nd4 Bg6 9. b5 e5 10. Nb3 Nd5 11. Bb2 Bd6 12. d4 e4 13. h3 O-O 14. bxc6 bxc6 15.
Nxd5 cxd5 16. c4 dxc4 17. Rc1 Nc6 18. Bxc4 Qb6 19. Qe2 Nb4 20. Bc3 Rac8 21.
Bxb4 Qxb4 22. Bd5 Bf4 23. Rxc8 Rxc8 24. Qg4 Qb8 25. g3 Rd8 26. Bc6 Qb6 27. d5
Be5 28. Nd2 Qd4 29. Nb3 Qb2 30. Qg5 f6 31. Qd2 Qa3 32. Rc1 Bf7 33. Nc5 Qb2 34.
Qxb2 Bxb2 35. Rd1 Ba3 36. Nb7 Rc8 37. d6 Be6 38. d7 Bxd7 39. Bxd7 Rc7 40. Be6+
Kf8 41. Na5 Bc5 42. Nb3 Bb6 43. Kg2 Rc2 44. Rd2 Rc3 45. Bf5 e3 46. fxe3 Rxe3
47. Nc1 g6 48. Bd3 Ke7 49. Re2 Kd6 50. Rxe3 Bxe3 51. Ne2 f5 52. Kf3 Bd2 53. Bc4
h6 54. Nf4 g5 55. Nd3 Bc3 56. g4 fxg4+ 57. hxg4 Ke7 58. Ke4 Kf6 59. Bb5 Ba1 60.
Nb4 Bb2 61. Nc6 h5 62. gxh5 g4 63. Kf4 g3 64. Kxg3 Kg5 65. Be2 a6 66. a4 Bc3
67. Nd8 a5 68. Nc6 Bd2 69. Nd4 Be1+ 70. Kg2 Bc3 71. Nb5 Bb4 72. Kf2 Bc5+ 73.
Ke1 Be3 74. Kd1 Kf5 75. Kc2 Ke4 76. Kc3 Kd5 77. Nc7+ Kc6 78. Ne6 Bh6 79. Nd4+
Kc5 80. Nf5 Bf4 81. h6 Kd5 82. h7 Be5+ 83. Kb3 Ke6 84. Bd3 Kf7 85. Kc4 Kg6 86.
Nd6+ Kg7 87. Nb7 Bc7 88. Kb5 1-0

[Event "4NCL/Div2/SCS-PER"]
[Site "Rd1-Birmingham"]
[Date "1999.10.09"]
[Round "1.7"]
[White "Lutton, Ezra"]
[Black "Gilbert, Jessie"]
[Result "1/2-1/2"]
[WhiteElo "1752"]
[BlackElo "2050"]
[PlyCount "85"]
[EventDate "1999.10.09"]

1. e4 c6 2. Nc3 d5 3. Qf3 dxe4 4. Nxe4 Nf6 5. Bc4 Nbd7 6. Ne2 e6 7. Nxf6+ Nxf6
8. O-O Bd6 9. d4 Qc7 10. Bf4 O-O 11. c3 Bxf4 12. Qxf4 Qxf4 13. Nxf4 b6 14. Rfe1
Bb7 15. Nd3 Rac8 16. f4 Nd5 17. Bxd5 cxd5 18. f5 exf5 19. Re7 Rb8 20. Rae1 a5
21. Ne5 Bc8 22. Nc6 Ra8 23. Re8 Be6 24. Ne7+ Kh8 25. Rxa8 Rxa8 26. Re5 Rd8 27.
Nxf5 Bxf5 28. Rxf5 f6 29. Kf2 Kg8 30. Ke2 Kf7 31. Rf3 Ke6 32. Re3+ Kd6 33. Kd2
b5 34. a3 Rc8 35. Rd3 a4 36. Rh3 h6 37. Rg3 g5 38. Rh3 Rh8 39. Rf3 Ke6 40. Re3+
Kd6 41. Ke2 f5 42. Re5 Rf8 43. Kf3 1/2-1/2

[Event "4NCL/Div2/SCS-PER"]
[Site "Rd1-Birmingham"]
[Date "1999.10.09"]
[Round "1.8"]
[White "Klein, Bernhard"]
[Black "Partington, Anna"]
[Result "1-0"]
[WhiteElo "1880"]
[BlackElo "1496"]
[PlyCount "113"]
[EventDate "1999.10.09"]

1. d4 d5 2. c4 e6 3. Nc3 c5 4. cxd5 exd5 5. Nf3 Nc6 6. Bf4 Nf6 7. e3 Bd6 8.
Bxd6 Qxd6 9. Nb5 Qe7 10. dxc5 O-O 11. Rc1 Be6 12. Nbd4 Ne4 13. Bb5 Nxc5 14.
Bxc6 bxc6 15. Nxc6 Qd6 16. Ncd4 Rfc8 17. O-O Rab8 18. b3 Bg4 19. h3 Bh5 20. Nf5
Qd7 21. Qxd5 Qxd5 22. Ne7+ Kf8 23. Nxd5 Bxf3 24. gxf3 Nd3 25. Rxc8+ Rxc8 26.
Rd1 Ne5 27. f4 Nf3+ 28. Kg2 Nh4+ 29. Kg3 Nf5+ 30. Kf3 Rc2 31. Nb4 Rc7 32. e4
Nh6 33. Ke3 a5 34. Nd5 Rc2 35. Rd2 Rc6 36. Rd4 Re6 37. Kd3 f6 38. Ra4 Nf7 39.
Rxa5 Nd6 40. Ra8+ Kf7 41. Ra7+ Kf8 42. f3 Nb5 43. Ra5 Nd6 44. Ra6 Nxe4 45. Ra8+
Kf7 46. fxe4 Rc6 47. b4 Rc1 48. b5 Rh1 49. b6 Rxh3+ 50. Kd4 Rh2 51. b7 Rb2 52.
b8=Q Rxb8 53. Rxb8 h5 54. f5 h4 55. Nf4 h3 56. Ng6 h2 57. Rf8# 1-0